00680nam a22001697a 4500003000400000005001700004008004100021040001800062100004200080245018700122260002000309650007700329650002500406650003700431700002400468856001800492OSt20240905101734.0240905b ||||| |||| 00| 0 eng d cAIMIT LIBRARY aFernandes, Preethika Victor.e2216145 aStudy on examining the key determinants of recruitment towards retention in the pharmaceutical industry: a comprensive study /cBy Preethika Victor Fernandes ; Guided by P V Sumitha. aMumbai ;c2024. aIndustry profile company profile and theoretical background of the study aResearch methodology aData analysis and interpretation aSumitha P V.eGuide 3Lupin limited